1750 1230 1164 1205 1900 1738 1903 1273 1519 1191 1261 1676 1369 1513 1190 1036 1529 1464 1894 1588 1866 1627 1514 1763 1059 1119 1761 1155 1536 1051 1190 1666 1354 1413 1800 1041 1326 1433 1569 1873 1149 1950 1788 1039 1774 1049 1179 1683 1845 1782 1096 1309 1493 1263 1939 1689 1127 1998 1744 1239 1128 1481 1003 1842 1260 1492 1448 1780 1544 1001 1179 1569 1329 1222 1604 1590 1751 1040 1234 1601 1506 1852 1895 1894 1675 1920 1585 1160 1055 1987 1845 1391 1646 1349 1313 1375 1043 1773 1858 BCNSPRNW ULIB Ver.6.0+V

เปลี่ยนเป็นภาษาไทย

Change to English
 แสดงรายละเอียดบรรณานุกรม
  กลับหน้าหลัก

Brief Record : Get Marc (ISO 2709) : E-mail record : QR code < ปิดหน้าต่าง
LEADER : 00000nam 2200000uu 4500
001    13399112317
003     ULIB
008    110627s2554||||th 000 0 tha d
020    9786160602858
090    นว.^bT111H 2554
100 0  Tiara
245 00 How to love...ผูกใจรัก/^cTiara
250    พิมพ์ครั้งที่ 2
260    กรุงเทพฯ :^bแจ่มใส,^c2554
300    251 หน้า
710 1  แจ่มใส
945    ^p169^l0^i030405
995    ทศพร
999 ^a ใช้งานได้ทุกระบบ
รายการนี้ยังไม่มีแท็ก
คุณยังไม่ได้ล็อกอิน คุณสามารถมีกิจกรรมร่วมกับเว็บไซต์ได้ แต่ต้องล็อกอินก่อน ::
  ล็อกอิน

รายการสื่อสารสนเทศ

ลำดับที่ ประเภท เลขเรียก/บาร์โค้ด สถานที่ สถานะ
- ไม่พบข้อมูล -

รายการใกล้เคียง
    ผู้แต่ง [Tiara]

BibComment


ยังไม่เคยถูกคอมเมนท์

คอมเมนท์ทรัพยากรรายการนี้
  คอมเมนท์: How to loveผูกใจร..


 Copyright 2026. Bcnsprnw @Library